000 00542nam a22001937a 4500
003 KOHA_MİRAKIL
005 20250930151014.0
008 250930b tu ||||| |||| 00| 0 tur d
020 _a9786052191101
040 _aTR-AnABB
_btur
_cTR-AnABB
041 _atur
082 _a297.5
_bGOZ 2018
100 1 _aGözükan, Mehtap,
245 1 0 _aAllah barışa çağırır /
_cMehtap Gözükan
260 _aİstanbul :
_bA7 Kitapçılık,
_c2018
300 _a254 sayfa ;
_c23 cm
650 0 4 _aTürk edebiyatı, roman
942 _2ddc
_cBK
999 _c8984
_d8984
900 _bGizem YORULMAZ